000 00691nam a2200181 4500
001 18680
005 20201125173904.0
007 tu
008 170314s1757||||||| ger
245 0 0 _aTabula Lectionum Publice Et Privatim In Academia Regia Viadrina Per Semestre Hybernum MDCCLVII. Habendarum
264 _aFrankfurt (Oder)
_bWinter
_c1757
365 _c€
546 _adeutsch
650 0 4 _aUniversität
650 0 4 _aFrankfurt (Oder)
650 0 4 _aVorlesungsverzeichnis
650 0 4 _aStosch, Boehmer, Grillo, Jablonski, Causse, Uhlius, Hackeman, Surland, Polac, Cartheuser, de Bergen, Nicolai, Westerman, Baumgarten, de Steinwehr, Curts, Deutsch, Simonetti, Toellner, Schulze,
999 _c78947
_d78947